000 00336nam a22001457a 4500
003 OSt
005 20160727222454.0
008 160705b xxu||||| |||| 00| 0 eng d
040 _cTEST
100 _92124
_a Yolen, J
245 _aTales of Wonder
260 _aN.Y
_b Schocken Books
_c1983
300 _aTales of Wonder
942 _2ddc
_cBK
999 _c1818
_d1818